Personal Computer in Labor, Versuchs und Prüffeld <Der> PC als Hilfsmittel bei der Erfassung, Verarbeitung und Darstellung von Messdaten

Enregistré dans:
Détails bibliographiques
Autres auteurs: Schumny, Harald
Format: Livre
Langue:allemand
Publié: Berlin Springer 1988
Édition:1. Aufl.
Tags: Ajouter un tag
Pas de tags, Soyez le premier à ajouter un tag!

MARC

LEADER 00000nam a2200000 4500
001 c028521
005 20221206134445.4
041 0 |a ger 
044 |a DE 
245 1 0 |a Personal Computer in Labor, Versuchs und Prüffeld  |b <Der> PC als Hilfsmittel bei der Erfassung, Verarbeitung und Darstellung von Messdaten  |c Red. Harald Schumny 
250 |a 1. Aufl. 
264 1 |a Berlin  |b Springer  |c 1988 
300 |a 259 s. 
700 1 |a Schumny, Harald